[Event "Caribean-chT 24th"]
[Site "San Salvador"]
[Date "2023.07.06"]
[Round "3.2"]
[White "Giron, Jorge Ernesto"]
[Black "Ynojosa Aponte, Felix Jose"]
[Result "0-1"]
[WhiteElo "2173"]
[BlackElo "2413"]
[PlyCount "78"]
[EventDate "2023.07.06"]
[EventType "tourn"]
[EventRounds "15"]
[EventCountry "ESA"]
[SourceTitle "CBM 215 Extra"]
[Source "ChessBase"]
[SourceDate "2023.09.30"]
[SourceVersion "1"]
[SourceVersionDate "2023.09.30"]
[SourceQuality "1"]
[WhiteTeam "El Salvador"]
[BlackTeam "Venezuela"]
[WhiteTeamCountry "ESA"]
[BlackTeamCountry "VEN"]

1. e4 c5 2. Nf3 Nc6 3. d4 cxd4 4. Nxd4 e5 5. Nb5 d6 6. N1c3 a6 7. Na3 b5 8. Nd5 Nf6 9. Bg5 Be7 10. Bxf6 Bxf6 11. c3 Bg5 12. Nc2 Rb8 13. a4 bxa4 14. Nce3 Bxe3 15. Nxe3 0-0 16. Qxa4 Ne7 17. 0-0-0 Qb6 18. Qa3 Rd8 19. Bc4 Be6 20. Rd2 Qc6 21. Bd5 Bxd5 22. Nxd5 Nxd5 23. Rxd5 Qc4 24. f3 h5 25. Rxd6 Qe2 26. Rhd1 Rxd6 27. Rxd6 Qxg2 28. Rd3 Qxh2 29. Kb1 Qe2 30. Rd7 Qxf3 31. Qa4 h4 32. Rd2 h3 33. Qc2 a5 34. Ka2 g6 35. Rd3 Qg4 36. Re3 Kg7 37. Qf2 Rh8 38. Rf3 Qe6+ 39. b3 h2 0-1

[Event "Caribean-chT 24th"]
[Site "San Salvador"]
[Date "2023.07.06"]
[Round "10.2"]
[White "Ibarra Chami, Luis Fernando"]
[Black "Giron, Jorge Ernesto"]
[Result "1-0"]
[WhiteElo "2450"]
[BlackElo "2173"]
[PlyCount "101"]
[EventDate "2023.07.06"]
[EventType "tourn"]
[EventRounds "15"]
[EventCountry "ESA"]
[SourceTitle "CBM 215 Extra"]
[Source "ChessBase"]
[SourceDate "2023.09.30"]
[SourceVersion "1"]
[SourceVersionDate "2023.09.30"]
[SourceQuality "1"]
[WhiteTeam "Mexico"]
[BlackTeam "El Salvador"]
[WhiteTeamCountry "MEX"]
[BlackTeamCountry "ESA"]

1. e4 c5 2. Nc3 Nc6 3. Bb5 Nd4 4. Bc4 g6 5. Nf3 Bg7 6. Nxd4 cxd4 7. Qf3 Nh6 8. Ne2 0-0 9. d3 Ng4 10. Bb3 d6 11. Qg3 a5 12. a4 Kh8 13. h3 Nf6 14. 0-0 e5 15. Qh4 Nh5 16. Qxd8 Rxd8 17. Bxf7 Bd7 18. Bg5 Bf6 19. Bxf6+ Nxf6 20. c3 b5 21. cxd4 bxa4 22. f4 Bb5 23. fxe5 Nxe4 24. dxe4 Bxe2 25. Rf2 Bb5 26. e6 Ra7 27. Rc1 Kg7 28. Rc3 d5 29. Rc5 Bc4 30. exd5 Bb3 31. Re2 Re7 32. Re5 Kf6 33. Rxa5 Rd6 34. Kf2 Rc7 35. Kg3 h6 36. h4 h5 37. Rg5 Ke7 38. Ra8 Rxd5 39. Re8+ Kd6 40. Rd8+ Kc6 41. Rxg6 Kb7 42. Rxd5 Bxd5 43. Rg5 Bc4 44. Rc5 Rxc5 45. dxc5 Kc6 46. Kf4 Kxc5 47. Ke5 Kb4 48. Bxh5 Kb3 49. Bd1+ Kxb2 50. Bxa4 Ka3 51. e7 1-0

[Event "Caribean-chT Rapid 24th"]
[Site "San Salvador"]
[Date "2023.07.05"]
[Round "12.2"]
[White "Etienne, Angelo"]
[Black "Giron, Jorge Ernesto"]
[Result "1/2-1/2"]
[WhiteElo "2080"]
[BlackElo "2268"]
[PlyCount "121"]
[EventDate "2023.07.03"]
[EventType "tourn (rapid)"]
[EventRounds "15"]
[EventCountry "ESA"]
[SourceTitle "CBM 215 Extra"]
[Source "ChessBase"]
[SourceDate "2023.09.30"]
[SourceVersion "1"]
[SourceVersionDate "2023.09.30"]
[SourceQuality "1"]
[WhiteTeam "Haiti"]
[BlackTeam "El Salvador"]
[WhiteTeamCountry "HAI"]
[BlackTeamCountry "ESA"]

1. Nf3 Nf6 2. g3 b5 3. Bg2 Bb7 4. 0-0 e6 5. d3 d5 6. a4 b4 7. Re1 Be7 8. Nbd2 0-0 9. e4 dxe4 10. Ng5 c5 11. Ngxe4 Qc7 12. Nc4 Nc6 13. Bf4 e5 14. Nxf6+ Bxf6 15. Nxe5 Bxe5 16. Bxe5 Nxe5 17. Bxb7 Rad8 18. Bg2 b3 19. Qh5 f5 20. Qe2 Rfe8 21. f4 Nxd3 22. Qxe8+ Rxe8 23. Rxe8+ Kf7 24. Re3 bxc2 25. Rxd3 c4 26. Bd5+ Kf8 27. Rf3 Qb6+ 28. Kh1 Qxb2 29. Rff1 Qd4 30. Bf3 a5 31. Rac1 Qd2 32. Rfe1 g6 33. Kg1 Kg7 34. h3 Kf6 35. h4 h6 36. Bg2 c3 37. Bf1 g5 38. hxg5+ hxg5 39. Bg2 gxf4 40. gxf4 Qd4+ 41. Kf1 Qxf4+ 42. Ke2 Qd2+ 43. Kf3 Kg5 44. Bf1 Qf4+ 45. Ke2 Qe4+ 46. Kf2 Qd4+ 47. Ke2 f4 48. Rxc2 Kg4 49. Bg2 Kg3 50. Ba8 Kg4 51. Rec1 Qe3+ 52. Kf1 f3 53. Bxf3+ Qxf3+ 54. Ke1 Qe3+ 55. Kf1 Qd3+ 56. Kg1 Qe3+ 57. Kf1 Qd3+ 58. Kg1 Qe3+ 59. Kf1 Qd3+ 60. Kg1 Qe3+ 61. Kg2 1/2-1/2

[Event "Caribean-chT Rapid 24th"]
[Site "San Salvador"]
[Date "2023.07.05"]
[Round "15.2"]
[White "Giron, Jorge Ernesto"]
[Black "Ynojosa Aponte, Felix Jose"]
[Result "1/2-1/2"]
[WhiteElo "2268"]
[BlackElo "2406"]
[PlyCount "105"]
[EventDate "2023.07.03"]
[EventType "tourn (rapid)"]
[EventRounds "15"]
[EventCountry "ESA"]
[SourceTitle "CBM 215 Extra"]
[Source "ChessBase"]
[SourceDate "2023.09.30"]
[SourceVersion "1"]
[SourceVersionDate "2023.09.30"]
[SourceQuality "1"]
[WhiteTeam "El Salvador"]
[BlackTeam "Venezuela"]
[WhiteTeamCountry "ESA"]
[BlackTeamCountry "VEN"]

1. e4 c5 2. Be2 Nc6 3. f4 d5 4. d3 e6 5. Nf3 Nf6 6. e5 Ng4 7. h3 Nh6 8. Be3 Nf5 9. Bf2 h5 10. 0-0 h4 11. c3 b5 12. a4 b4 13. cxb4 Nxb4 14. d4 c4 15. b3 cxb3 16. Qxb3 a5 17. Nc3 Be7 18. Nb5 0-0 19. Rac1 Ba6 20. Rc3 Qb6 21. Rfc1 Rac8 22. Rxc8 Rxc8 23. Rxc8+ Bxc8 24. Kh2 Bd7 25. Qc3 g6 26. Nd2 Bxb5 27. Bxb5 Bf8 28. Nb3 Bh6 29. Qd2 Qd8 30. Nc5 g5 31. Nd7 gxf4 32. Nf6+ Kf8 33. Qe2 Bg5 34. Ne8 Bh6 35. Nf6 Bg5 36. Ne8 Ng3 37. Qd1 Ne4 38. Be1 Qb6 39. Qh5 f3 40. gxf3 Qxd4 41. Qh8+ Ke7 42. fxe4 Bf4+ 43. Kg2 Qxe4+ 44. Kf1 Qf3+ 45. Bf2 Qxh3+ 46. Ke2 Qg4+ 47. Kf1 Qd1+ 48. Kg2 Qg4+ 49. Kf1 Qd1+ 50. Kg2 Qg4+ 51. Kf1 Qd1+ 52. Kg2 Qg4+ 53. Kf1 1/2-1/2

[Event "Caribean-chT Rapid 24th"]
[Site "San Salvador"]
[Date "2023.07.04"]
[Round "9.2"]
[White "Giron, Jorge Ernesto"]
[Black "Boggiano Pereira, Miguel A"]
[Result "1-0"]
[WhiteElo "2268"]
[BlackElo "1943"]
[PlyCount "61"]
[EventDate "2023.07.03"]
[EventType "tourn (rapid)"]
[EventRounds "15"]
[EventCountry "ESA"]
[SourceTitle "CBM 215 Extra"]
[Source "ChessBase"]
[SourceDate "2023.09.30"]
[SourceVersion "1"]
[SourceVersionDate "2023.09.30"]
[SourceQuality "1"]
[WhiteTeam "El Salvador"]
[BlackTeam "Puerto Rico"]
[WhiteTeamCountry "ESA"]
[BlackTeamCountry "PUR"]

1. e4 c5 2. Nf3 d6 3. Bc4 Nf6 4. e5 dxe5 5. Nxe5 e6 6. Qe2 Be7 7. 0-0 0-0 8. b3 a6 9. a4 Nbd7 10. Bb2 Qc7 11. f4 Bd6 12. Ng4 Bxf4 13. Nxf6+ Nxf6 14. g3 Bg5 15. Be5 Qd8 16. h4 Bh6 17. g4 Nd7 18. Bg3 g6 19. Nc3 Nb6 20. Ne4 Nxc4 21. Nf6+ Kh8 22. Qxc4 Qxd2 23. g5 Bg7 24. Rad1 Qb4 25. Qxb4 cxb4 26. Bd6 Rd8 27. Be7 Rf8 28. Bxf8 Bxf8 29. Rd8 Kg7 30. Ne8+ Kg8 31. Nd6 1-0

[Event "Caribean-chT Rapid 24th"]
[Site "San Salvador"]
[Date "2023.07.03"]
[Round "5.2"]
[White "Duran Vega, Sergio"]
[Black "Giron, Jorge Ernesto"]
[Result "1-0"]
[WhiteElo "2381"]
[BlackElo "2268"]
[PlyCount "55"]
[EventDate "2023.07.03"]
[EventType "tourn (rapid)"]
[EventRounds "15"]
[EventCountry "ESA"]
[SourceTitle "CBM 215 Extra"]
[Source "ChessBase"]
[SourceDate "2023.09.30"]
[SourceVersion "1"]
[SourceVersionDate "2023.09.30"]
[SourceQuality "1"]
[WhiteTeam "Costa Rica"]
[BlackTeam "El Salvador"]
[WhiteTeamCountry "CRI"]
[BlackTeamCountry "ESA"]

1. Nf3 Nf6 2. c4 e6 3. g3 b6 4. Bg2 Bb7 5. 0-0 Be7 6. Nc3 0-0 7. Re1 d5 8. cxd5 exd5 9. d4 Nbd7 10. Bf4 a6 11. Rc1 Re8 12. Ne5 c5 13. Nxd7 Qxd7 14. Na4 Qb5 15. b3 Rac8 16. Bh3 Rc6 17. dxc5 bxc5 18. Nc3 Qb6 19. Bg2 d4 20. Na4 Qb5 21. e3 Re6 22. Bxb7 Qxb7 23. Nxc5 Bxc5 24. Rxc5 dxe3 25. Rxe3 Rxe3 26. Bxe3 Ne4 27. Re5 Qc6 28. Qd5 1-0

[Event "American Continental 17th"]
[Site "Juan Dolio"]
[Date "2023.05.16"]
[Round "3"]
[White "Corrales Jimenez, Fidel"]
[Black "Giron, Jorge Ernesto"]
[Result "1-0"]
[WhiteElo "2489"]
[BlackElo "2338"]
[PlyCount "53"]
[EventDate "2023.05.15"]
[EventType "swiss"]
[EventRounds "11"]
[EventCountry "DOM"]
[SourceTitle "CBM 214 Extra"]
[Source "ChessBase"]
[SourceDate "2023.07.31"]
[SourceVersion "1"]
[SourceVersionDate "2023.07.31"]
[SourceQuality "1"]

1. e4 c5 2. Nf3 d6 3. d4 cxd4 4. Nxd4 Nf6 5. Nc3 a6 6. Bg5 e6 7. Qd2 Be7 8. 0-0-0 Qc7 9. f3 Nbd7 10. Kb1 h6 11. Be3 Ne5 12. a3 Bd7 13. g4 b5 14. h4 Rb8 15. Be2 b4 16. axb4 d5 17. g5 Bxb4 18. Ncb5 Bxb5 19. Nxb5 Qa5 20. c3 Bf8 21. gxf6 axb5 22. b4 Qa6 23. exd5 Ra8 24. Qb2 gxf6 25. dxe6 fxe6 26. f4 Nc4 27. Bh5+ 1-0

[Event "San Jose Gutierrez Mangel Cup"]
[Site "San Jose"]
[Date "2022.12.23"]
[Round "7"]
[White "Giron, Jorge Ernesto"]
[Black "Forgas Moreno, Yaniela"]
[Result "1-0"]
[WhiteElo "2323"]
[BlackElo "2323"]
[PlyCount "83"]
[EventDate "2022.12.19"]
[EventType "tourn"]
[EventRounds "9"]
[EventCountry "CRI"]
[EventCategory "6"]
[SourceTitle "EXT 2024"]
[Source "ChessBase"]
[SourceDate "2023.10.10"]
[SourceVersion "1"]
[SourceVersionDate "2023.10.10"]
[SourceQuality "1"]

1. e4 c5 2. Nf3 d6 3. d4 cxd4 4. Nxd4 Nf6 5. Nc3 a6 6. Be3 e5 7. Nb3 Be7 8. f3 Be6 9. Qd2 0-0 10. Nd5 Nxd5 11. exd5 Bf5 12. Be2 Nd7 13. 0-0 Bg6 14. Na5 Qc7 15. c4 Bd8 16. b4 Rc8 17. Rac1 f5 18. c5 dxc5 19. d6 Qb8 20. bxc5 Bxa5 21. Qxa5 Bf7 22. Rb1 Qa8 23. Rfc1 Bd5 24. Qd2 Bc6 25. Bc4+ Kh8 26. f4 Be4 27. Bd3 exf4 28. Bd4 Rce8 29. Qxf4 Qc8 30. Qg5 Nf6 31. Rb3 Qd7 32. Bc4 Bd5 33. Bxd5 Nxd5 34. Rcb1 b5 35. c6 Qf7 36. Rg3 Nf6 37. Bxf6 gxf6 38. Qxf5 Re5 39. Qc2 Qe6 40. Rh3 f5 41. d7 Kg8 42. Qb3 1-0

[Event "La Habana Isla"]
[Site "La Habana"]
[Date "2022.11.08"]
[Round "9"]
[White "Borges Matos, Juan R"]
[Black "Giron, Jorge Ernesto"]
[Result "1/2-1/2"]
[WhiteElo "2405"]
[BlackElo "2311"]
[PlyCount "21"]
[EventDate "2022.11.01"]
[EventType "tourn"]
[EventRounds "9"]
[EventCountry "CUB"]
[EventCategory "4"]
[SourceTitle "EXT 2024"]
[Source "ChessBase"]
[SourceDate "2023.10.10"]
[SourceVersion "1"]
[SourceVersionDate "2023.10.10"]
[SourceQuality "1"]

1. e4 e5 2. Nf3 Nc6 3. Bb5 d6 4. d4 Bd7 5. Nc3 Nf6 6. 0-0 Be7 7. Re1 0-0 8. Bxc6 Bxc6 9. dxe5 dxe5 10. Qxd8 Raxd8 11. Nxe5 1/2-1/2

[Event "La Habana Isla"]
[Site "La Habana"]
[Date "2022.11.05"]
[Round "6"]
[White "Giron, Jorge Ernesto"]
[Black "Cofre Archibold, Nestor"]
[Result "1/2-1/2"]
[WhiteElo "2311"]
[BlackElo "2323"]
[PlyCount "184"]
[EventDate "2022.11.01"]
[EventType "tourn"]
[EventRounds "9"]
[EventCountry "CUB"]
[EventCategory "4"]
[SourceTitle "EXT 2024"]
[Source "ChessBase"]
[SourceDate "2023.10.10"]
[SourceVersion "1"]
[SourceVersionDate "2023.10.10"]
[SourceQuality "1"]

1. e4 c5 2. Nf3 d6 3. d4 cxd4 4. Nxd4 Nf6 5. Nc3 g6 6. Be3 Bg7 7. f3 Nc6 8. Bc4 0-0 9. Qd2 Bd7 10. 0-0-0 Rc8 11. Bb3 Nxd4 12. Bxd4 b5 13. Nd5 Nxd5 14. Bxg7 Kxg7 15. exd5 a5 16. a3 Kg8 17. Rhe1 Rc5 18. Re3 b4 19. axb4 axb4 20. Qxb4 Qa8 21. Kd2 Rb8 22. Qd4 Bf5 23. c4 e5 24. dxe6 Bxe6 25. Ke1 Rb6 26. Rc1 Qb8 27. Rcc3 Qd8 28. Kf2 h5 29. Kg1 Kh7 30. Rcd3 Qc7 31. Rc3 Qe7 32. Re1 Qc7 33. Bc2 Rxb2 34. Qf6 Qa7 35. Kf1 Rxc2 36. Rxc2 Bxc4+ 37. Rxc4 Rxc4 38. Ra1 Qc7 39. Ra8 Rc1+ 40. Kf2 Qc5+ 41. Kg3 Qe5+ 42. Qxe5 dxe5 43. Re8 Rc5 44. h4 Kg7 45. Ra8 Rc4 46. Ra6 Kf8 47. Ra7 Kg7 48. Ra6 Rc1 49. Kh2 Rd1 50. Rb6 Rd4 51. Kg3 e4 52. fxe4 Rxe4 53. Rb2 Kf6 54. Kh3 Re3+ 55. g3 Ke6 56. Kg2 f6 57. Kf2 Rd3 58. Rb5 Rd5 59. Rb2 Ke5 60. Kf3 Kf5 61. Rc2 Rb5 62. Rc3 Rb4 63. Ra3 Rg4 64. Ra5+ Ke6 65. Ra6+ Kf7 66. Ra7+ Kg8 67. Rb7 f5 68. Rb8+ Kf7 69. Rb7+ Ke6 70. Rb6+ Ke7 71. Rb7+ Kd6 72. Rb6+ Kc5 73. Re6 Kd5 74. Ra6 Ke5 75. Ra5+ Kf6 76. Ra6+ Kg7 77. Ra7+ Kh6 78. Ra6 Rb4 79. Rc6 Rb3+ 80. Kf4 Rb4+ 81. Kf3 Re4 82. Rc7 Rg4 83. Rc6 Kg7 84. Rc7+ Kf6 85. Rc6+ Ke7 86. Ra6 Kf7 87. Ra7+ Ke6 88. Ra6+ Kd5 89. Ra5+ Kc4 90. Ra6 Kc3 91. Rd6 Kc2 92. Rc6+ Kd2 1/2-1/2

[Event "Olympiad-44"]
[Site "Chennai"]
[Date "2022.08.05"]
[Round "7.1"]
[White "Giron, Jorge Ernesto"]
[Black "Kiik, Kalle"]
[Result "1/2-1/2"]
[WhiteElo "2288"]
[BlackElo "2365"]
[PlyCount "88"]
[EventDate "2022.07.29"]
[EventType "team-swiss"]
[EventRounds "11"]
[EventCountry "IND"]
[SourceTitle "CBM 210"]
[Source "ChessBase"]
[SourceDate "2022.10.31"]
[SourceVersion "1"]
[SourceVersionDate "2022.10.31"]
[SourceQuality "1"]
[WhiteTeam "El Salvador"]
[BlackTeam "Estonia"]
[WhiteTeamCountry "ESA"]
[BlackTeamCountry "EST"]

1. e4 e6 2. d4 d5 3. Nd2 c5 4. exd5 exd5 5. Ngf3 Nc6 6. Be2 Nf6 7. 0-0 Be6 8. Re1 cxd4 9. Nb3 Bb4 10. Bd2 Bxd2 11. Qxd2 Ne4 12. Qd1 0-0 13. Nfxd4 Qh4 14. f3 Nd6 15. Nxc6 bxc6 16. Qd4 Qxd4+ 17. Nxd4 c5 18. Nxe6 fxe6 19. c4 Rfd8 20. Rac1 Rac8 21. Bd3 dxc4 22. Bxc4 Nxc4 23. Rxc4 Rd2 24. Rxe6 Rxb2 25. a3 Rc7 26. h4 Rb6 27. Re5 Rb3 28. h5 h6 29. Kh2 Kh7 30. a4 Rb4 31. Rxb4 cxb4 32. Rb5 Rc4 33. Kh3 b3 34. Rxb3 Rxa4 35. Rb8 a5 36. Ra8 g5 37. hxg6+ Kxg6 38. g4 h5 39. Kh4 hxg4 40. fxg4 Ra1 41. Ra6+ Kf7 42. Kg5 a4 43. Ra7+ Ke6 44. Kg6 Kd5 1/2-1/2

[Event "American Continental 16th"]
[Site "San Salvador"]
[Date "2022.05.03"]
[Round "3"]
[White "Giron, Jorge Ernesto"]
[Black "Montero Martinez, Cristian"]
[Result "1-0"]
[WhiteElo "2257"]
[BlackElo "1946"]
[PlyCount "67"]
[EventDate "2022.05.02"]
[EventType "swiss"]
[EventRounds "11"]
[EventCountry "ESA"]
[SourceTitle "CBM 208 Extra"]
[Source "ChessBase"]
[SourceDate "2022.07.31"]
[SourceVersion "1"]
[SourceVersionDate "2022.07.31"]
[SourceQuality "1"]

1. e4 d6 2. d4 Nf6 3. f3 e5 4. dxe5 dxe5 5. Qxd8+ Kxd8 6. Bc4 Be6 7. Bxe6 fxe6 8. Be3 Nbd7 9. Nd2 Bc5 10. Ke2 Ke7 11. Bxc5+ Nxc5 12. Nc4 Nfd7 13. Nh3 a5 14. a4 Rhb8 15. Nf2 b5 16. axb5 Rxb5 17. b3 Nb7 18. Ra3 Nb6 19. Nxb6 Rxb6 20. Nd3 Kf6 21. b4 Rd8 22. bxa5 Ra6 23. Rha1 Rda8 24. Rc3 Rxa5 25. Rxa5 Rxa5 26. Rxc7 Nd6 27. Rc5 Ra2 28. Nxe5 Nb7 29. Ng4+ Kg6 30. Rc7 Rb2 31. Ne5+ Kf6 32. f4 Nd6 33. Nd3 Rb7 34. e5+ 1-0

[Event "Managua Hurtado Memorial"]
[Site "Managua"]
[Date "2021.12.28"]
[Round "4"]
[White "Giron, Jorge Ernesto"]
[Black "Ortiz, Marcos"]
[Result "1/2-1/2"]
[WhiteElo "2233"]
[BlackElo "2242"]
[PlyCount "132"]
[EventDate "2021.12.26"]
[EventType "tourn"]
[EventRounds "9"]
[EventCountry "NCA"]
[SourceTitle "CBM 206 Extra"]
[Source "ChessBase"]
[SourceDate "2022.03.31"]
[SourceVersion "1"]
[SourceVersionDate "2022.03.31"]
[SourceQuality "1"]

1. e4 c5 2. Nf3 Nc6 3. d4 cxd4 4. Nxd4 Qb6 5. Nb3 Nf6 6. Nc3 e6 7. a3 Be7 8. Be2 d6 9. 0-0 a6 10. Be3 Qc7 11. f4 h5 12. Bf3 Rb8 13. Qe2 b5 14. Rae1 Bb7 15. Kh1 g6 16. Nd5 exd5 17. exd5 Nd8 18. Bb6 Qd7 19. Bd4 Kf8 20. Qd2 Rh7 21. Rxe7 Kxe7 22. Re1+ Ne6 23. f5 Nxd5 24. fxg6 fxg6 25. Ba7 Rf8 26. Bxd5 Bxd5 27. Qg5+ Kf7 28. Qxd5 Qxa7 29. Qxe6+ Kg7 30. Qxd6 Qf2 31. Qe5+ Qf6 32. h3 Qxe5 33. Rxe5 Rf2 34. Nd4 Kh6 35. Re6 Rd7 36. c3 Rxb2 37. Rxa6 Rc7 38. Nf5+ Kg5 39. Ng3 Rc4 40. Re6 h4 41. Ne2 Kf5 42. Re8 Re4 43. Nd4+ Kf4 44. Rf8+ Ke3 45. Rf6 Kd3 46. Kh2 Kxc3 47. Nf3 Kb3 48. Rxg6 Kxa3 49. Rg4 Rxg4 50. hxg4 b4 51. g5 b3 52. g6 Rc2 53. Ne5 b2 54. g7 Rc8 55. Nc4+ Kb3 56. Nxb2 Kxb2 57. Kh3 Kc3 58. Kxh4 Kd4 59. Kg5 Ke5 60. Kg6 Ke6 61. g4 Ra8 62. g5 Rb8 63. Kh7 Kf7 64. g6+ Kf6 65. g8Q Rxg8 66. Kxg8 Kxg6 1/2-1/2

[Event "Managua Hurtado Memorial"]
[Site "Managua"]
[Date "2021.12.26"]
[Round "1"]
[White "Giron, Jorge Ernesto"]
[Black "Picado, Jorge Luis"]
[Result "1-0"]
[WhiteElo "2233"]
[BlackElo "2141"]
[PlyCount "101"]
[EventDate "2021.12.26"]
[EventType "tourn"]
[EventRounds "9"]
[EventCountry "NCA"]
[SourceTitle "CBM 206 Extra"]
[Source "ChessBase"]
[SourceDate "2022.03.31"]
[SourceVersion "1"]
[SourceVersionDate "2022.03.31"]
[SourceQuality "1"]

1. e4 c6 2. d4 d5 3. e5 Bf5 4. Nf3 e6 5. Be2 c5 6. 0-0 Nc6 7. c3 c4 8. Nbd2 h6 9. Ne1 b5 10. Nc2 Bh7 11. Ne3 f5 12. exf6 Nxf6 13. Bh5+ g6 14. Bg4 Qd7 15. Re1 Nxg4 16. Nxg4 Bg7 17. Nf3 g5 18. a4 bxa4 19. h4 Bf5 20. Nge5 Nxe5 21. dxe5 Bg4 22. hxg5 hxg5 23. Qxa4 Bxf3 24. gxf3 Rf8 25. Bxg5 Rxf3 26. Kg2 Rf5 27. f4 a5 28. Kg3 Qxa4 29. Rxa4 Kd7 30. Kg4 Kc6 31. Rea1 Kb5 32. Bd8 Rxd8 33. Rxa5+ Kb6 34. Ra6+ Kb7 35. Ra7+ Kb6 36. R1a6+ Kb5 37. Rxe6 Rdf8 38. Rxg7 Rxf4+ 39. Kh5 Rf2 40. Kg6 R8f3 41. Rf6 Rg3+ 42. Kf7 Rxg7+ 43. Kxg7 Rxb2 44. e6 Kc6 45. Kf7 Re2 46. Ke8 d4 47. cxd4 c3 48. e7+ Kd5 49. Kd7 Rxe7+ 50. Kxe7 c2 51. Rd6+ 1-0

[Event "Managua Hurtado Memorial 19th"]
[Site "Managua"]
[Date "2019.12.29"]
[Round "7"]
[White "Giron, Jorge Ernesto"]
[Black "Castillo, Rommel"]
[Result "1-0"]
[WhiteElo "2236"]
[BlackElo "2053"]
[PlyCount "63"]
[EventDate "2019.12.26"]
[EventType "swiss"]
[EventRounds "9"]
[EventCountry "NCA"]
[SourceTitle "CBM 195 Extra"]
[Source "ChessBase"]
[SourceDate "2020.05.31"]
[SourceVersion "1"]
[SourceVersionDate "2020.05.31"]
[SourceQuality "1"]

1. e4 e5 2. Nf3 Nc6 3. Bb5 a6 4. Ba4 Nf6 5. Bxc6 dxc6 6. d3 Bd6 7. Nbd2 Be6 8. Nf1 h6 9. Bd2 Qe7 10. Bc3 Nd7 11. Ne3 c5 12. Qd2 f6 13. a3 Nb8 14. Nh4 Qf7 15. Nhf5 Nc6 16. 0-0 0-0-0 17. b4 Bf8 18. f4 g6 19. Ng3 Qd7 20. f5 gxf5 21. Ngxf5 Nd4 22. Bxd4 exd4 23. Ng4 Qf7 24. Nxf6 Qg6 25. bxc5 Bxc5 26. Qa5 Bxf5 27. Rxf5 Bd6 28. Raf1 h5 29. e5 Rdg8 30. g3 Be7 31. Qd5 Rg7 32. Rb1 1-0

[Event "Managua Hurtado Memorial 19th"]
[Site "Managua"]
[Date "2019.12.28"]
[Round "5"]
[White "Giron, Jorge Ernesto"]
[Black "Cepeda Garcia, Juan Tomas"]
[Result "1-0"]
[WhiteElo "2236"]
[BlackElo "1967"]
[PlyCount "77"]
[EventDate "2019.12.26"]
[EventType "swiss"]
[EventRounds "9"]
[EventCountry "NCA"]
[SourceTitle "CBM 195 Extra"]
[Source "ChessBase"]
[SourceDate "2020.05.31"]
[SourceVersion "1"]
[SourceVersionDate "2020.05.31"]
[SourceQuality "1"]

1. e4 c5 2. Nf3 e6 3. d4 cxd4 4. Nxd4 Nf6 5. Nc3 Nc6 6. Ndb5 Bc5 7. Bf4 0-0 8. Bd6 Bxd6 9. Nxd6 Qe7 10. Be2 Ne8 11. Nxe8 Rxe8 12. 0-0 d6 13. Qd2 a6 14. Na4 Qc7 15. c4 e5 16. Nc3 Be6 17. Rfd1 Nd4 18. b3 Rac8 19. Rac1 Red8 20. Kh1 Qa5 21. Bf1 Rc6 22. Ne2 Qxd2 23. Rxd2 Nxe2 24. Bxe2 Kf8 25. Rcd1 Ke7 26. Kg1 a5 27. a4 b6 28. f3 Rdc8 29. Kf2 f6 30. Ke3 g5 31. g3 h6 32. f4 Rg8 33. Bh5 Rg7 34. fxg5 fxg5 35. Rf2 Bf7 36. Bxf7 Rxf7 37. Rf5 Rc8 38. Rxf7+ Kxf7 39. Rxd6 1-0

[Event "Managua Hurtado Memorial 18th"]
[Site "Managua"]
[Date "2018.12.29"]
[Round "7"]
[White "Giron, Jorge Ernesto"]
[Black "Ortiz, Marcos"]
[Result "1-0"]
[WhiteElo "2255"]
[BlackElo "2149"]
[PlyCount "121"]
[EventDate "2018.12.26"]
[EventType "swiss"]
[EventRounds "9"]
[EventCountry "NCA"]
[SourceTitle "EXT 2020"]
[Source "ChessBase"]
[SourceDate "2019.10.17"]
[SourceVersion "1"]
[SourceVersionDate "2019.10.17"]
[SourceQuality "1"]

1. e4 c5 2. Nf3 d6 3. Bc4 Nf6 4. e5 dxe5 5. Nxe5 e6 6. Qe2 Bd6 7. f4 0-0 8. d3 Bd7 9. Nc3 Nc6 10. Nxc6 Bxc6 11. 0-0 g6 12. a4 b6 13. Ne4 Be7 14. Ng5 Bd5 15. Nf3 Bxc4 16. dxc4 Nd7 17. Rd1 Qc7 18. Ra3 Bf6 19. Rad3 Rad8 20. Kh1 Nb8 21. Ne5 Rxd3 22. Rxd3 Rd8 23. Bd2 Rxd3 24. cxd3 Bxe5 25. Qxe5 Qxe5 26. fxe5 Nc6 27. Bc3 f6 28. exf6 Kf7 29. g4 h6 30. Kg2 e5 31. Kf3 Kxf6 32. Ke4 Ke6 33. Bd2 h5 34. gxh5 gxh5 35. Bg5 Nb8 36. Bd8 Nd7 37. a5 bxa5 38. Bxa5 Nf6+ 39. Kf3 Kf5 40. b4 e4+ 41. dxe4+ Nxe4 42. bxc5 Nxc5 43. Kg3 Ke4 44. Kh4 Kd4 45. Kxh5 Kxc4 46. Kg6 Nd3 47. Kf5 Kd5 48. Bd8 a5 49. Bxa5 Ne5 50. h4 Nf7 51. Bc7 Nh6+ 52. Kg5 Nf7+ 53. Kf6 Nh6 54. h5 Ke4 55. Kg5 Nf7+ 56. Kg6 Nh8+ 57. Kf6 Kf3 58. h6 Kg4 59. h7 Kh5 60. Kg7 Ng6 61. Be5 1-0

[Event "Managua Hurtado Memorial 18th"]
[Site "Managua"]
[Date "2018.12.27"]
[Round "2"]
[White "Espinoza Solano, Jose Nahum"]
[Black "Giron, Jorge Ernesto"]
[Result "1/2-1/2"]
[WhiteElo "2015"]
[BlackElo "2255"]
[PlyCount "104"]
[EventDate "2018.12.26"]
[EventType "swiss"]
[EventRounds "9"]
[EventCountry "NCA"]
[SourceTitle "EXT 2020"]
[Source "ChessBase"]
[SourceDate "2019.10.17"]
[SourceVersion "1"]
[SourceVersionDate "2019.10.17"]
[SourceQuality "1"]

1. e4 c5 2. Nf3 d6 3. d4 cxd4 4. Nxd4 Nf6 5. Nc3 a6 6. f3 e5 7. Nb3 Be6 8. Be3 Be7 9. Qd2 Nbd7 10. g4 b5 11. g5 b4 12. Ne2 Nh5 13. 0-0-0 a5 14. Kb1 a4 15. Nbc1 b3 16. cxb3 axb3 17. a3 0-0 18. Ng3 Nf4 19. Nce2 Rc8 20. Nxf4 Rc2 21. Qe1 exf4 22. Bxf4 Nc5 23. Bd3 Nxd3 24. Rxd3 Bxg5 25. Bxg5 Qxg5 26. Rc3 Rc8 27. Rxc8+ Rxc8 28. Ne2 Rc2 29. Nd4 Rd2 30. Rg1 Qh6 31. Qc1 Qxh2 32. Nxe6 Rxb2+ 33. Qxb2 Qxg1+ 34. Qc1 Qxc1+ 35. Kxc1 fxe6 36. a4 h5 37. a5 h4 38. a6 h3 39. a7 h2 40. a8Q+ Kh7 41. Qf8 h1Q+ 42. Kb2 Qd1 43. Qf7 Qc2+ 44. Ka3 Kh6 45. Qxe6+ g6 46. Qh3+ Kg7 47. Qd7+ Kh6 48. Qh3+ Kg5 49. Qg3+ Kh5 50. Qh3+ Kg5 51. Qg3+ Kh5 52. Qh3+ Kg5 1/2-1/2